000 00447ntaaa2200181 4500
003 01
005 20251027201813.0
008 0714s1973 ag 01
040 _aAR-BaBN
_bspa
_cAR-BaBN
_eaacr
_dRIC
082 _a242.2000 Sp3
245 _aWinged Seeds
250 _a1 ed.
260 _aLondon :
_bArthur H. Stockwell,
_cs.f.
300 _a370 p
650 _alecturas devocionales
_91693
700 _aSpeight, Charlotte R.
_916445
942 _cBK
999 _c12684
_d12684